Kpop Girl Groups by Picture - Statistics

General Stats
  • This quiz has been taken 7,824 times
  • The average score is 12 of 16
Answer Stats
Picture Hint Answer % Correct
Y2k New Jeans
95%
J line Twice
94%
Yg Blackpink
93%
Jyp Itzy
93%
AI Aespa
92%
Garam Le sserafim
88%
Cube idle
87%
Starship Ive
84%
5th Gen Kiss of Life
81%
Controversial Mamamoo
81%
TXT - Huening Kai Kep1er
67%
Stereotype StayC
61%
Slay Everglow
55%
Lawsuit Fifty Fifty
54%
3 Subunits Loona
52%
Underrated Billlie
48%
No matching quizzes found
Score Distribution
Percent of People with Each Score
Percentile by Number Answered
Your Score History
You have not taken this quiz